[Event "CRO-chT2 (Women)"]
[Site "Strizivojna"]
[Date "2021.11.20"]
[Round "2.1"]
[White "Vodopija, Irina"]
[Black "Dzoic, Dora"]
[Result "1-0"]
[WhiteElo "1727"]
[BlackElo "1214"]
[PlyCount "87"]
[EventDate "2021.11.20"]
[EventType "team-tourn"]
[EventRounds "3"]
[EventCountry "CRO"]
[SourceTitle "EXT 2023"]
[Source "ChessBase"]
[SourceDate "2022.10.05"]
[SourceVersion "1"]
[SourceVersionDate "2022.10.05"]
[SourceQuality "1"]
[WhiteTeam "Zagreb Ericsson Tesla (W)"]
[BlackTeam "Zupanja Nexus (W)"]
[WhiteTeamCountry "CRO"]
[BlackTeamCountry "CRO"]

1. d4 d5 2. Nf3 Nc6 3. Bf4 Bf5 4. c3 f6 5. h3 e6 6. e3 a6 7. Bd3 Be4 8. Bh2 Bd6 9. Bxd6 Qxd6 10. Bxe4 dxe4 11. Nh2 0-0-0 12. Qg4 g5 13. Qxe4 f5 14. Qc2 Nf6 15. Nd2 Rhg8 16. g4 f4 17. 0-0-0 fxe3 18. fxe3 e5 19. Nhf3 exd4 20. exd4 h6 21. Rde1 Rde8 22. Qf5+ Kb8 23. Ne5 Ref8 24. Nxc6+ Qxc6 25. Qe6 Qb5 26. Rhf1 Qc6 27. Qxc6 bxc6 28. Re6 Nd5 29. Rxf8+ Rxf8 30. Rxc6 Rf6 31. Rxf6 Nxf6 32. Nf3 Ne4 33. Kc2 Nf2 34. Ng1 Kc8 35. Kd2 Kd7 36. Ke2 Ne4 37. Nf3 Ke6 38. Ke3 Ng3 39. b3 c6 40. c4 a5 41. Ne5 Nf1+ 42. Kd3 c5 43. Nf3 cxd4 44. Kxd4 1-0

[Event "CRO-ch U15"]
[Site "Trogir"]
[Date "2021.06.23"]
[Round "7"]
[White "Dzoic, Dora"]
[Black "Mihaljevic, Eva"]
[Result "0-1"]
[WhiteElo "1170"]
[BlackElo "1572"]
[PlyCount "99"]
[EventDate "2021.06.18"]
[EventType "swiss"]
[EventRounds "9"]
[EventCountry "CRO"]
[SourceTitle "EXT 2022"]
[Source "ChessBase"]
[SourceDate "2021.10.06"]
[SourceVersion "1"]
[SourceVersionDate "2021.10.06"]
[SourceQuality "1"]

1. e4 e6 2. Nf3 d5 3. e5 c5 4. c3 Nc6 5. d4 Bd7 6. Bf4 Nge7 7. dxc5 Ng6 8. Bg5 Qc7 9. b4 Ncxe5 10. Nxe5 Qxe5+ 11. Be3 a5 12. Qd4 Qxd4 13. Bxd4 axb4 14. cxb4 e5 15. Be3 d4 16. Bd2 Be7 17. Bc4 0-0 18. 0-0 Kh8 19. Re1 f5 20. Bc1 b6 21. cxb6 Bxb4 22. Bd2 Bd6 23. b7 Ra7 24. Rd1 Rxb7 25. a4 Ra7 26. a5 Rc8 27. Be2 Be6 28. Na3 Bxa3 29. Rxa3 Ne7 30. a6 e4 31. Bf1 Rc6 32. Bb4 Nd5 33. Rxd4 h6 34. h3 Rc1 35. Bd6 Nc3 36. Rd2 Bc4 37. Bb8 Rxa6 38. Rxa6 Bxa6 39. Be5 Bxf1 40. Bxc3 Bc4+ 41. Kh2 Rxc3 42. Rd8+ Kh7 43. Rc8 Rc2 44. Kg3 Bd3 45. Rxc2 Bxc2 46. Kf4 Kg6 47. g4 fxg4 48. hxg4 Kf6 49. f3 exf3 50. Kxf3 0-1

[Event "CRO-ch U13 Girls"]
[Site "Trogir"]
[Date "2019.06.22"]
[Round "9"]
[White "Mihaljevic, Eva"]
[Black "Dzoic, Dora"]
[Result "1/2-1/2"]
[WhiteElo "1241"]
[BlackElo "1127"]
[PlyCount "93"]
[EventDate "2019.06.17"]
[EventType "swiss"]
[EventRounds "9"]
[EventCountry "CRO"]
[SourceTitle "EXT 2020"]
[Source "ChessBase"]
[SourceDate "2019.10.17"]
[SourceVersion "1"]
[SourceVersionDate "2019.10.17"]
[SourceQuality "1"]

1. f4 d5 2. e3 Nc6 3. b3 Bf5 4. Bb2 e6 5. Bb5 Qd7 6. Nf3 a6 7. Ne5 Qd6 8. Ba3 Qd8 9. Bxc6+ bxc6 10. Bxf8 Kxf8 11. Nxc6 Qd6 12. Nd4 Re8 13. 0-0 c5 14. Nxf5 exf5 15. Nc3 h5 16. Qf3 d4 17. Qd5 Rd8 18. Qxd6+ Rxd6 19. exd4 Rxd4 20. d3 Nf6 21. Rae1 Nd7 22. Re2 g6 23. g3 h4 24. Rfe1 Kg7 25. Re8 Rxe8 26. Rxe8 hxg3 27. hxg3 Kf6 28. Ra8 Rd6 29. g4 Kg7 30. g5 f6 31. Ra7 fxg5 32. fxg5 Kf8 33. Kf2 Ne5 34. Rc7 Nd7 35. Ke3 Re6+ 36. Kf4 Rd6 37. Na4 Rd4+ 38. Kf3 Ne5+ 39. Ke3 f4+ 40. Kf2 Ng4+ 41. Kf3 Ne5+ 42. Kg2 f3+ 43. Kf2 Rf4 44. Nxc5 Ng4+ 45. Kf1 Nh2+ 46. Kf2 Ng4+ 47. Kf1 1/2-1/2

[Event "CRO-ch U11 Girls"]
[Site "Trogir"]
[Date "2016.06.21"]
[Round "2"]
[White "Bevanda, Ema"]
[Black "Dzoic, Dora"]
[Result "1-0"]
[WhiteElo "1371"]
[BlackElo "1201"]
[PlyCount "95"]
[EventDate "2016.06.21"]
[EventType "swiss"]
[EventRounds "9"]
[EventCountry "CRO"]
[SourceTitle "EXT 2017"]
[Source "ChessBase"]
[SourceDate "2016.10.25"]
[SourceVersion "1"]
[SourceVersionDate "2016.10.25"]
[SourceQuality "1"]

1. c4 e5 2. e3 Nf6 3. d4 exd4 4. exd4 d5 5. Nf3 dxc4 6. Bxc4 Nc6 7. 0-0 Bf5 8. Nc3 Bb4 9. Re1+ Be7 10. Ng5 0-0 11. Qb3 Nxd4 12. Bxf7+ Kh8 13. Qd1 h6 14. Ne6 Bxe6 15. Bxe6 Nxe6 16. Qxd8 Raxd8 17. Rxe6 Bb4 18. Bf4 c6 19. Rae1 Nd5 20. Be5 Rfe8 21. Bxg7+ Kxg7 22. Rxe8 Rd7 23. Rd1 Re7 24. Nxd5 Rxe8 25. Nxb4 a5 26. Nd3 Rd8 27. Kf1 Kf6 28. Ke2 Re8+ 29. Kf3 Rd8 30. b3 b5 31. Nb2 Rf8 32. Rd4 Kg5+ 33. Ke3 h5 34. h4+ Kf5 35. Rf4+ Ke5 36. Rxf8 Kd5 37. Rf5+ Kd6 38. Rxh5 b4 39. Rxa5 Kc7 40. h5 Kb6 41. Re5 Kb7 42. h6 Kb6 43. h7 Kb7 44. h8Q Kb6 45. Nc4+ Kb7 46. Re7+ Ka6 47. Qb8 c5 48. Qa7+ 1-0